00379nam a2200121Ia 4500008004100000020001800041082001700059100002500076245005300101260002400154300001000178650006900188120629s9999 xx 000 0 und d a970-07-4333-0 a347.72 C355j aCastro, Juventino V. aLa jurisdicción mexicana / Juventino V. Castro aMéxico : Porrúa a267 p a1. JUSTICIA-ADMINISTRACION-MEXICO \ 2. PODER JUDICIAL-MEXICOÌ